书目信息 |
| 书名: | First blood | |
| 作者: | ||
| 分册号: | ||
| 分册名: | 出版地: | New York : |
|
| 出版社: | Scribner | |
| 出版时间: | [1957]. | |
| 页数: | viii, 373 p. : | |
| 开本: | 24 cm. | |
| 丛书名: | ||
| 中图分类号: | ||
| 科图分类号: | ||
| 其他分类号: | I712.4 | |
| 主题词: | ||
| 电子资源: | ||
| 000 | 00824cam a22002411 450 | |
| 001 | E0755529614 | |
| 005 | 20070429165840.51 | |
| 008 | 721213s1957 nyuabch b 000 0 eng | |
| 010 | @a57012065 | |
| 035 | @A(DLC) 57012065 | |
| 040 | @aDLC@cDLC@dDLC@dOCoLC | |
| 050 | 00 | @aE471.1@b.S9 |
| 082 | 00 | @a973.7311 |
| 090 | @aI712.4 | |
| 099 | @dI712.4@ex209 | |
| 100 | 1 | @aSwanberg, W. A.,@d1907- |
| 245 | 10 | @aFirst blood :@bthe story of Fort Sumter. |
| 260 | @aNew York :@bScribner,@c[1957]. | |
| 300 | @aviii, 373 p. :@billus., ports., maps, facsim. ;@c24 cm. | |
| 504 | @aBibliography: p. 340-344. Bibliographical references included in "Notes" (p. 345-367) | |
| 651 | 0 | @aFort Sumter (Charleston, S.C.) |
| 906 | @a7@bcbc@corignew@du@eocip@f19@gy-gencatlg | |
| 991 | @bc-GenColl@hE471.1@i.S9@p00001139319@tCopy 1@wBOOKS | |
| First blood : : the story of Fort Sumter.-New York : : Scribner, , [1957]. |
| viii, 373 p. : : illus., ports., maps, facsim. ; ; 24 cm. |
| Bibliography: p. 340-344. Bibliographical references included in "Notes" (p. 345-367) |
| ISBN |
| ● |
| 相关链接 |
|
|
|
|
正题名:First blood
索取号:I712.4/x209
 
预约/预借
| 序号 | 登录号 | 条形码 | 馆藏地/架位号 | 状态 | 备注 |
| 1 | 5824 | 300058247 | 第二样本阅览室/ [索取号:I712.4/x209] | 在馆 | |
| 2 | 6117 | 300061171 | 第四借阅区/ [索取号:I712.4/x209] | 在馆 |